Handball - Statistiques

Statistiques générales
  • Ce quiz a été pris 292 fois
  • Le résultat moyen est 10 sur 15
Statistiques - réponses
Hint Réponse % Correct
Nombre de joueurs sur le terrain par équipe 7
100%
Durée d’un match senior (en minutes) 60
98%
Taille officielle d’un ballon masculin 3
96%
Nombre de pas maximum sans dribbler 3
96%
Nation la plus titrée chez les hommes (Mondiaux) France
93%
Nom de la zone interdite aux joueurs de champ zone
82%
Distance du jet de 7 mètres 7m
80%
Pays d’origine du handball moderne Allemagne
78%
Couleur du carton d’exclusion définitive rouge
75%
Poste généralement le plus excentré ailier
73%
Distance de la ligne de jet franc 9m
70%
Nation la plus titrée chez les femmes (Mondiaux) Norvège
60%
Surnom de l’équipe de France masculine Experts
18%
Surface du terrain (en mètres) 40x20
14%
Joueur français recordman de sélections Nikola Karabatic
6%
Aucun quiz correspondant
Distribution des résultats
% des personnes avec chaque résultat
Percentile par nombre de réponses
Votre historique - résultats
Vous n’avez pas pris ce quiz